00292nam a2200109Ia 4500008004100000100002000041245003700061260000900098300003100107440002400138650002000162180117s9999 xx 000 0 und d aby Hector reyes aGive me Beauty, or Give me Death c2017 a13-14 pages, 2017 March 19 aPhilippine Panorama aBEAUTY OR DEATH